|
|
|
|
| LEADER |
01238nam a2200289 a 4500 |
| 001 |
1002 |
| 003 |
BD-DhAAL |
| 005 |
20150426091824.0 |
| 008 |
960315s1996 cau b 100 0 eng |
| 010 |
|
|
|a 96011404
|
| 020 |
|
|
|a 0803993080
|
| 040 |
|
|
|a DLC
|c DLC
|d DLC
|d BD-DhAAL
|
| 050 |
0 |
0 |
|a HC433.5
|b .C65 1996
|
| 082 |
0 |
0 |
|a 333.7/0954
|2 20
|
| 245 |
0 |
0 |
|a Cooperative management of natural resources /
|c edited by Katar Singh, Vishwa Ballabh.
|
| 260 |
|
|
|a New Delhi ;
|a Thousand Oaks, Calif. :
|b Sage Publications,
|c 1996.
|
| 300 |
|
|
|a 271 p. ;
|c 22 cm.
|
| 500 |
|
|
|a Papers presented at the Workshop on Co-operatives in Natural Resources Management, held at IRMA, in Dec. 1992.
|
| 504 |
|
|
|a Includes bibliographical references (p. [263]-267).
|
| 541 |
|
|
|e 1002
|
| 650 |
|
0 |
|a Natural resources
|z India
|x Management
|x Congresses.
|9 10651
|
| 700 |
1 |
|
|a Singh, Katar,
|d 1939-
|9 10652
|
| 700 |
1 |
|
|a Ballabh, Vishwa,
|d 1957-
|9 10653
|
| 711 |
2 |
|
|a Workshop on Co-operatives in Natural Resources Management
|d (1992 :
|c Institute of Rural Management)
|9 10654
|
| 942 |
|
|
|2 ddc
|c BK
|
| 999 |
|
|
|c 34302
|d 34302
|
| 952 |
|
|
|0 0
|1 0
|2 ddc
|4 0
|6 333_709540000000000_COO
|7 0
|9 53558
|a SCL
|b SCL
|c GEN
|d 2015-04-26
|g 560.00
|l 0
|o 333.70954 COO
|p 3020001002
|r 2015-04-26
|t 1
|w 2015-04-26
|y BK
|